000 00258 a2200121 4500
001 195021
040 _cMagnum
240 1 0 _a100 histórias infantis
_lpor
245 1 0 _a100 histórias infantis
300 _a303
697 _aLITERATURA INFANTO
942 _cBK
999 _c195021
_d195021